<?xml version="1.0" encoding="UTF-8"?>
<collection xmlns:xsi="http://www.w3.org/2001/XMLSchema-instance" xsi:schemaLocation="http://www.loc.gov/MARC21/slim http://www.loc.gov/standards/marcxml/schema/MARC21slim.xsd" xmlns="http://www.loc.gov/MARC21/slim">
 <record>
  <leader>00000cam a22000004a 4500</leader>
  <controlfield tag="001">UP-1685594773857383145</controlfield>
  <controlfield tag="003">Buklod</controlfield>
  <controlfield tag="005">20230608093906.0</controlfield>
  <controlfield tag="006">m    |o  d |      </controlfield>
  <controlfield tag="007">ta</controlfield>
  <controlfield tag="008">020326s1979    pau     r    |||| u|eng d</controlfield>
  <datafield tag="041" ind1=" " ind2=" ">
   <subfield code="a">eng</subfield>
  </datafield>
  <datafield tag="090" ind1="0" ind2=" ">
   <subfield code="a">E 185.61</subfield>
   <subfield code="b">D32</subfield>
  </datafield>
  <datafield tag="245" ind1="1" ind2="0">
   <subfield code="a">The Declining significance of racen</subfield>
   <subfield code="b">a dialogue among black and white social scientists</subfield>
   <subfield code="c">edited, with an introduction by Joseph R. Washington, Jr.</subfield>
  </datafield>
  <datafield tag="264" ind1=" " ind2="1">
   <subfield code="a">[Philadelphia</subfield>
   <subfield code="b">University of Pennsylvania]</subfield>
   <subfield code="c">c1979.</subfield>
  </datafield>
  <datafield tag="300" ind1=" " ind2=" ">
   <subfield code="a">126 p.</subfield>
  </datafield>
  <datafield tag="500" ind1=" " ind2=" ">
   <subfield code="a">Edited papers, questions and answers, responses, and dialogue of the fifth annual symposium held by the Afro-American Studies Program, University of Pennsylvania, Philadelphia, March 29 and 30, 1979.  Focal point was William Julius Wilson's the declining significance of race, blacks and changing American institution.</subfield>
  </datafield>
  <datafield tag="650" ind1=" " ind2="0">
   <subfield code="a">Afro-Americans</subfield>
   <subfield code="x">Econ. condit.</subfield>
   <subfield code="x">Congresses.</subfield>
  </datafield>
  <datafield tag="650" ind1=" " ind2="0">
   <subfield code="a">Afro-Americans</subfield>
   <subfield code="x">Soc. condit.</subfield>
   <subfield code="x">Congresses.</subfield>
  </datafield>
  <datafield tag="651" ind1=" " ind2="0">
   <subfield code="a">United States</subfield>
   <subfield code="x">Race relations</subfield>
   <subfield code="x">Congresses.</subfield>
  </datafield>
  <datafield tag="700" ind1="1" ind2=" ">
   <subfield code="a">Washington, Joseph R.</subfield>
  </datafield>
  <datafield tag="700" ind1="1" ind2=" ">
   <subfield code="a">Wilson, William J.</subfield>
   <subfield code="d">1935-  The declining significance of race :blacks and changing American institutions.</subfield>
  </datafield>
  <datafield tag="710" ind1="1" ind2=" ">
   <subfield code="a">Pennsylvania.  University.  Afro-American Studies Program.</subfield>
  </datafield>
  <datafield tag="905" ind1=" " ind2=" ">
   <subfield code="a">FO</subfield>
  </datafield>
  <datafield tag="950" ind1=" " ind2=" ">
   <subfield code="a">Monograph</subfield>
  </datafield>
  <datafield tag="852" ind1="0" ind2=" ">
   <subfield code="a">UPEPP</subfield>
   <subfield code="b">UPEPP</subfield>
   <subfield code="h">E 185.61</subfield>
   <subfield code="i">D32</subfield>
  </datafield>
  <datafield tag="942" ind1=" " ind2=" ">
   <subfield code="a">Book</subfield>
  </datafield>
 </record>
</collection>
